000 00573nam a2200193Ia 4500
005 20250508163551.0
008 008 250505s9999 xx 000 0 eng d
037 _aDissertations
040 _aFEDL
_beng
_cFEDL
041 _aeng
_2eng
084 _a155.532, JHA/DI
_qFEDL
100 _aJha Arbind Kumar
_9535227
245 0 _aPsychological study of the male adolescent: Some case profiles
260 _c1996
300 _a166p.
546 _aM. Phil Dissertation (Delhi University)
942 _cDIS
_h155.532, JHA/DI
999 _c1384125
_d1384125